000 00262nam a2200121Ia 4500
100 _aOlariu
942 _cRB
366 _f20
245 _aHandbook of Bioinspired Algorithms applications
260 _bCRC Press
546 _aENGLISH
_celectronics
999 _c23366
_d23366